000 00653nam a2200205Ia 4500
003 OSt
005 20240813142249.0
008 210210b2000 xxu||||| |||| 00| 0 eng d
040 _cAL
041 _aKannada
082 _a294.55K SHAB
100 _aSHANMUKHAYYA AKKURAMATA.
_dಷಣ್ಮುಖಯ್ಯ ಅಕ್ಕುರಮಠ
_9177036
245 _aBharatiya bhakti chaluvaligalu.
_bಭಾರತೀಯ ಭಕ್ತಿ ಚಳುವಳಿಗಳು.
260 _aBengaluru
_bKannada Sahitya Parishattu
_c2000
300 _a74,vi
650 _aHindu reform movements
_9177037
690 _aHinduism
_9177038
906 _aSG04132
942 _2ddc
_cBK
999 _c114867
_d114867